| 000 | 01022nam a2200265 i 4500 | ||
|---|---|---|---|
| 001 | 000039618 | ||
| 003 | DO-SdBNP | ||
| 005 | 20250127101622.0 | ||
| 007 | ta | ||
| 008 | 130711s2011 dr 000 0 spa d | ||
| 020 | _a9789945004144 | ||
| 040 |
_aDO-SdBNP _bspa _cBNPHU _erda |
||
| 100 | 1 |
_a Herrera R., Rafael Darío, _d1955- _q (Herrera Rodríguez), _eautor _4aut. _9306 |
|
| 245 | 1 | 0 |
_aReconocimientos literarios : _b(ensayo de literatura dominicana, 1986-1996) / _cGiovanni Di Prieto ; edición, Luis Beiro Álvarez ; corrección, Alex Ferreras |
| 264 | 4 |
_aSanto Domingo : _bEditora Santuario, _c©2011. |
|
| 300 |
_a370 páginas ; _c24 cm. |
||
| 336 |
_atexto _btxt _2rdacontent |
||
| 337 |
_asin mediación _bn _2rdamedia |
||
| 338 |
_avolumen _bnc _2rdacarrier |
||
| 500 | _aIncluye datos biográficos del autor en la solapa de la cubierta | ||
| 590 | _aInventariado, 2025/BT | ||
| 700 | 1 |
_aBeiro Álvarez, Luis, _eedición _4ed. _986677 |
|
| 700 | 1 |
_aFerreras, Alex, _ecorrección _4corr. _910205 |
|
| 942 |
_2ddc _cLBS1 |
||
| 999 |
_c39108 _d39108 |
||